Environmental Microbiome (Запис № 460343)
[ простий вигляд ]
| 000 -LEADER | |
|---|---|
| fixed length control field | 02199nas a22003855i 4500 |
| 001 - CONTROL NUMBER | |
| control field | 2524-6372 |
| 003 - CONTROL NUMBER IDENTIFIER | |
| control field | DE-He213 |
| 005 - DATE AND TIME OF LATEST TRANSACTION | |
| control field | 20260304140653.0 |
| 007 - PHYSICAL DESCRIPTION FIXED FIELD--GENERAL INFORMATION | |
| fixed length control field | cr nn 008mamaa |
| 008 - FIXED-LENGTH DATA ELEMENTS--GENERAL INFORMATION | |
| fixed length control field | 150723s||||||||xxkuu poo|||||| b|EN |d |
| 022 ## - INTERNATIONAL STANDARD SERIAL NUMBER | |
| International Standard Serial Number | 2524-6372 |
| 024 7# - OTHER STANDARD IDENTIFIER | |
| Standard number or code | 40793 |
| Source of number or code | local |
| 210 10 - ABBREVIATED TITLE | |
| Abbreviated title | Environmental Microbiome |
| 245 10 - TITLE STATEMENT | |
| Title | Environmental Microbiome |
| Medium | [electronic resource] / |
| Statement of responsibility, etc | edited by Joy Watts. |
| 247 00 - FORMER TITLE | |
| Title | Standards in Genomic Sciences |
| 264 #1 - | |
| -- | London : |
| -- | BioMed Central : |
| -- | Imprint: BioMed Central. |
| 300 ## - PHYSICAL DESCRIPTION | |
| Other physical details | online resource. |
| 520 ## - SUMMARY, ETC. | |
| Summary, etc | Microorganisms can be found across all environments on Earth; adapting to external changes, being central to Earth’s systems and cycles, an essential part of agricultural practices, and - through applied microbiology - providing solutions to our everyday needs. Environmental Microbiome acknowledges this universal presence and importance and is seeking submissions addressing the varied facets of environmental and applied microbiome research. These studies include (but are not limited to) aspects of: air, soil and aquatic microbial ecology, microbiome analyses bioremediation microbiome of the built environment geomicrobiology microbial interaction with plants and agricultural crops extreme environment microbiology and astrobiology. Genome sequences can be submitted if they are a fully integrated aspect of a research article which elucidates the function and role of the microorganisms in their environmental communities. |
| 650 #0 - SUBJECT ADDED ENTRY--TOPICAL TERM | |
| Topical term or geographic name as entry element | Microbial ecology. |
| 650 #0 - SUBJECT ADDED ENTRY--TOPICAL TERM | |
| Topical term or geographic name as entry element | Microbial populations. |
| 9 (RLIN) | 15643 |
| 650 #0 - SUBJECT ADDED ENTRY--TOPICAL TERM | |
| Topical term or geographic name as entry element | Microbial genetics. |
| 650 #0 - SUBJECT ADDED ENTRY--TOPICAL TERM | |
| Topical term or geographic name as entry element | Microbial ecology. |
| 650 #0 - SUBJECT ADDED ENTRY--TOPICAL TERM | |
| Topical term or geographic name as entry element | Agriculture. |
| 650 #0 - SUBJECT ADDED ENTRY--TOPICAL TERM | |
| Topical term or geographic name as entry element | Microbiology. |
| 9 (RLIN) | 500 |
| 650 14 - SUBJECT ADDED ENTRY--TOPICAL TERM | |
| Topical term or geographic name as entry element | Microbial Ecology. |
| 650 24 - SUBJECT ADDED ENTRY--TOPICAL TERM | |
| Topical term or geographic name as entry element | Microbial Communities. |
| 9 (RLIN) | 15644 |
| 650 24 - SUBJECT ADDED ENTRY--TOPICAL TERM | |
| Topical term or geographic name as entry element | Microbial Genetics. |
| 650 24 - SUBJECT ADDED ENTRY--TOPICAL TERM | |
| Topical term or geographic name as entry element | Environmental Microbiology. |
| 9 (RLIN) | 1421 |
| 650 24 - SUBJECT ADDED ENTRY--TOPICAL TERM | |
| Topical term or geographic name as entry element | Agriculture. |
| 650 24 - SUBJECT ADDED ENTRY--TOPICAL TERM | |
| Topical term or geographic name as entry element | Microbiology. |
| 9 (RLIN) | 500 |
| 700 1# - ADDED ENTRY--PERSONAL NAME | |
| Personal name | Watts, Joy. |
| Relator term | editor. |
| Relator code | edt |
| -- | http://id.loc.gov/vocabulary/relators/edt |
| 9 (RLIN) | 24140 |
| 710 2# - ADDED ENTRY--CORPORATE NAME | |
| Corporate name or jurisdiction name as entry element | SpringerLink (Online service) |
| 856 40 - ELECTRONIC LOCATION AND ACCESS | |
| Uniform Resource Identifier | <a href="https://environmentalmicrobiome.biomedcentral.com">https://environmentalmicrobiome.biomedcentral.com</a> |
| Public note | Open Access |
Немає доступних примірників.